Good governance and the sustainable development goals in Southeast Asia / edited by Rasyikah Md Khalid and Ainul Jaria Maidin. (Record no. 22128)

000 -LEADER
fixed length control field 02086nam a22001697a 4500
020 ## - INTERNATIONAL STANDARD BOOK NUMBER
ISBN 9781032137681
082 ## - DEWEY DECIMAL CLASSIFICATION NUMBER
Classification number 338.9270959
Item number M478 2022
245 ## - TITLE STATEMENT
Title Good governance and the sustainable development goals in Southeast Asia / edited by Rasyikah Md Khalid and Ainul Jaria Maidin.
260 ## - PUBLICATION, DISTRIBUTION, ETC. (IMPRINT)
Place of publication London ; New York :
Name of publisher Routledge, Taylor & Francis Group,
Year of publication ©2022.
300 ## - PHYSICAL DESCRIPTION
Number of Pages 1 online resource, xv, 241 pages :
Other physical details illustrations.
500 ## - GENERAL NOTE
General note Includes bibliographical references and index.
520 ## - SUMMARY, ETC.
Summary, etc This book discusses management and governance initiatives undertaken by agencies and stakeholders towards achieving the Sustainable Development Goals in the Southeast Asian region, specifically Malaysia, Indonesia, Thailand and Singapore. It highlights the theories, methodologies and action plans involved in implementing the goals in these countries and the importance of developing a positive relationship between the public and government agencies. With contributors coming from a range of disciplines and backgrounds across the ASEAN region, this edited collection provides a holistic quantitative and qualitative approach to achieving the SDGs. In order to realise these development objectives, it argues that a strong understanding of the basic principles of governance across all levels is required, supported by effective citizen participation and conflict resolution. It provides a detailed overview of the importance of governance at the country level, addressing the key elements of an integrated framework to support sustainable transitions. Regional case studies highlight processes and recommendations for improving governance, risk management and elevating citizen awareness and participation. Good Governance and the Sustainable Development Goals in Southeast Asia is a comprehensive and valuable companion for researchers, government agencies, and professionals with an interest in the SDGs in Southeast Asia and beyond
650 ## - SUBJECT ADDED ENTRY--TOPICAL TERM
Topical Term Governance -- Sustainable
700 ## - ADDED ENTRY--PERSONAL NAME
Personal name Khalid, Rasyikah Md, editor.
700 ## - ADDED ENTRY--PERSONAL NAME
Personal name Maidin, Ainul Jaria, editor.
942 ## - ADDED ENTRY ELEMENTS (KOHA)
Koha item type Books
Holdings
Source of acquisition Permanent Location Date acquired Collection code Koha item type Shelving location Lost status Current Location Withdrawn status Full call number
 Cagayan State University - Carig Library2026-04-14E-BooksBooks  Cagayan State University - Carig Library 338.9270959 M478
DonationCagayan State University - Carig Library2026-04-16E-BooksBooksE-Resource Section Cagayan State University - Carig Library 338.9270959 M478

Cagayan State University University Library, Carig Campus
Tuguegarao City, Cagayan 3500 | www.csucarig.edu.ph

Powered by Koha